[Event "Bamberg op 6th"]
[Site "Bamberg"]
[Date "2024.09.07"]
[Round "5"]
[White "Faulhaber, Rolf"]
[Black "Wolff, Michael"]
[Result "1-0"]
[WhiteElo "2000"]
[BlackElo "1895"]
[PlyCount "98"]
[EventDate "2024.09.04"]
[EventType "swiss"]
[EventRounds "7"]
[EventCountry "GER"]
[SourceTitle "EXT 2025"]
[Source "ChessBase"]
[SourceDate "2024.10.14"]
[SourceVersion "1"]
[SourceVersionDate "2024.10.14"]
[SourceQuality "1"]

1. Nf3 c5 2. c4 Nf6 3. Nc3 g6 4. d4 cxd4 5. Nxd4 d5 6. cxd5 Nxd5 7. e4 Nxc3 8. bxc3 Bg7 9. Be3 0-0 10. Bc4 Nc6 11. 0-0 Bd7 12. Rb1 Na5 13. Bd5 Rb8 14. Qe2 e6 15. Bb3 Nxb3 16. axb3 a6 17. c4 Qc7 18. Rfc1 Bc6 19. f3 Rfd8 20. Qf2 Be8 21. b4 Qd7 22. Nb3 Bf8 23. Ba7 Bxb4 24. Bxb8 Rxb8 25. Rd1 Qe7 26. Kh1 Rc8 27. Qd4 e5 28. Qd5 Bc6 29. Qd3 a5 30. Ra1 a4 31. Nc1 Ba5 32. Ne2 Rd8 33. Qc2 Rxd1+ 34. Rxd1 Qa3 35. h3 Qe3 36. Rd3 Qf2 37. Qd1 Be1 38. Ng1 Ba5 39. Ne2 Be1 40. Rd8+ Kg7 41. Qd6 Qxe2 42. Qxe5+ f6 43. Qc7+ Kh6 44. Rh8 f5 45. h4 Qf1+ 46. Kh2 Bg3+ 47. Qxg3 fxe4 48. Qc7 Qxg2+ 49. Kxg2 exf3+ 1-0

[Event "Heusenstamm Sparkassen op-A 4th"]
[Site "Heusenstamm"]
[Date "2017.11.25"]
[Round "5"]
[White "Wolff, Michael"]
[Black "Koellner, Felicitas Ophelia"]
[Result "1/2-1/2"]
[WhiteElo "1951"]
[BlackElo "1766"]
[PlyCount "63"]
[EventDate "2017.11.23"]
[EventType "swiss"]
[EventRounds "7"]
[EventCountry "GER"]
[SourceTitle "EXT 2019"]
[Source "ChessBase"]
[SourceDate "2018.10.10"]
[SourceVersion "1"]
[SourceVersionDate "2018.10.10"]
[SourceQuality "1"]

1. e4 d6 2. d4 Nf6 3. Nc3 e5 4. Nf3 Nbd7 5. Bc4 Be7 6. 0-0 0-0 7. h3 c6 8. a4 a5 9. Bb3 Qc7 10. Re1 h6 11. Be3 Re8 12. Qd2 Bf8 13. dxe5 dxe5 14. Qe2 Nc5 15. Nd2 Nxb3 16. Nxb3 Be6 17. Nc5 Bxc5 18. Bxc5 Rad8 19. Rad1 Rxd1 20. Rxd1 Rd8 21. Be3 Rxd1+ 22. Qxd1 Qd7 23. Qf3 Qd6 24. Bxh6 gxh6 25. Qxf6 Qd2 26. Kh2 Qxc2 27. Qxh6 Qxb2 28. Qg5+ Kf8 29. h4 Qxf2 30. Qd8+ Kg7 31. Qg5+ Kf8 32. Qd8+ 1/2-1/2

[Event "Vellmar op 9th"]
[Site "Vellmar"]
[Date "2017.07.16"]
[Round "6"]
[White "Powalla, Christian"]
[Black "Wolff, Michael"]
[Result "0-1"]
[WhiteElo "1826"]
[BlackElo "1993"]
[PlyCount "88"]
[EventDate "2017.07.13"]
[EventType "swiss"]
[EventRounds "7"]
[EventCountry "GER"]
[SourceTitle "CBM 179 Extra"]
[Source "ChessBase"]
[SourceDate "2017.08.23"]
[SourceVersion "1"]
[SourceVersionDate "2017.08.23"]
[SourceQuality "1"]

1. e4 c5 2. c3 Nf6 3. e5 Nd5 4. d4 cxd4 5. cxd4 d6 6. Nf3 Nc6 7. Bc4 Nb6 8. Bb3 dxe5 9. Nxe5 Nxe5 10. dxe5 Qxd1+ 11. Kxd1 e6 12. Nc3 Be7 13. Ke2 0-0 14. Be3 Nd7 15. f4 b6 16. Ba4 Ba6+ 17. Kf2 Nc5 18. Bc2 Nd3+ 19. Bxd3 Bxd3 20. Rhd1 Rfd8 21. a3 h6 22. Rac1 Rac8 23. Kf3 Ba6 24. Rxd8+ Rxd8 25. Ne4 Rd7 26. Bf2 Bb7 27. Ke3 Bxe4 28. Kxe4 Rd2 29. Kf3 Rxb2 30. a4 Rb3+ 31. Kg4 g6 32. g3 h5+ 33. Kh3 a6 34. Rc7 Bf8 35. Ra7 a5 36. Rb7 Rb4 37. Rxb6 Rxa4 38. Rb8 Kg7 39. Kg2 Ra2 40. Kf3 a4 41. h3 Ra3+ 42. Ke2 Ra2+ 43. Kf3 a3 44. Rb3 Rxf2+ 0-1

[Event "Mittelrhein Regionalliga 15/16"]
[Site "Nordrheinwestfalen"]
[Date "2016.01.31"]
[Round "6.7"]
[White "Wolff, Michael"]
[Black "Richter, Goetz"]
[Result "1-0"]
[WhiteElo "1932"]
[BlackElo "1967"]
[PlyCount "55"]
[EventDate "2015.09.27"]
[EventType "team-tourn"]
[EventRounds "9"]
[EventCountry "GER"]
[SourceTitle "EXT 2022"]
[Source "ChessBase"]
[SourceDate "2021.10.06"]
[SourceVersion "1"]
[SourceVersionDate "2021.10.06"]
[SourceQuality "1"]
[WhiteTeam "Koeln Ford SF"]
[BlackTeam "Koeln SF II"]
[WhiteTeamCountry "GER"]
[BlackTeamCountry "GER"]

1. e4 c5 2. c3 Nf6 3. e5 Nd5 4. d4 cxd4 5. Nf3 Nc6 6. cxd4 d6 7. Bc4 Nb6 8. Bb5 dxe5 9. Nxe5 Bd7 10. Bxc6 Bxc6 11. Nxc6 bxc6 12. 0-0 e6 13. Nc3 Be7 14. Qf3 Qd7 15. Rd1 0-0 16. Be3 Rfd8 17. Rac1 Qb7 18. h3 Nd5 19. Qe2 Rab8 20. Nxd5 Rxd5 21. b3 Rbd8 22. Qc2 Rc8 23. Rd3 Ba3 24. Rcd1 h6 25. Rc3 Qd7 26. Rb1 Rb5 27. b4 Rxb4 28. Rxa3 1-0

[Event "Mittelrhein Regionalliga 15/16"]
[Site "Nordrheinwestfalen"]
[Date "2015.12.13"]
[Round "4.7"]
[White "Wolff, Michael"]
[Black "Gramb, Marius"]
[Result "1-0"]
[WhiteElo "1902"]
[BlackElo "2081"]
[PlyCount "101"]
[EventDate "2015.09.27"]
[EventType "team-tourn"]
[EventRounds "9"]
[EventCountry "GER"]
[SourceTitle "EXT 2022"]
[Source "ChessBase"]
[SourceDate "2021.10.06"]
[SourceVersion "1"]
[SourceVersionDate "2021.10.06"]
[SourceQuality "1"]
[WhiteTeam "Koeln Ford SF"]
[BlackTeam "Bruehl"]
[WhiteTeamCountry "GER"]
[BlackTeamCountry "GER"]

1. e4 c5 2. c3 Nf6 3. e5 Nd5 4. d4 e6 5. Nf3 Nc6 6. Bc4 Nb6 7. Bb3 d5 8. 0-0 Be7 9. Be3 cxd4 10. cxd4 a5 11. a3 Bd7 12. Nfd2 0-0 13. Nc3 f6 14. f4 f5 15. g4 a4 16. Ba2 Na5 17. gxf5 Rxf5 18. Bb1 Rf7 19. Nf3 Nbc4 20. Qd3 g6 21. Ra2 Nxe3 22. Qxe3 Nc4 23. Qc1 Qb6 24. Bd3 Raf8 25. Bxc4 dxc4 26. Ne2 Bc6 27. Ra1 Qb3 28. Qc3 Qxc3 29. bxc3 Be4 30. Ng5 Bxg5 31. fxg5 Bd3 32. Rxf7 Rxf7 33. Ng3 Kf8 34. Ra2 Ke8 35. Rb2 Rc7 36. Rb6 Ke7 37. Kf2 Bc2 38. Ke3 Kf7 39. Ne4 Bxe4 40. Kxe4 Ke7 41. Rb4 Kd8 42. Rb6 Rf7 43. Rxe6 Rf2 44. Kd5 Rxh2 45. Kd6 b5 46. Rf6 Ke8 47. e6 Re2 48. Rf7 Re3 49. Rb7 Kf8 50. Rxb5 Kg7 51. Re5 1-0

[Event "Leverkusen Bayer op 10th"]
[Site "Leverkusen"]
[Date "2012.03.21"]
[Round "6"]
[White "Wolff, Michael"]
[Black "Themm, Rainer"]
[Result "0-1"]
[WhiteElo "1889"]
[BlackElo "1759"]
[PlyCount "70"]
[EventDate "2012.01.11"]
[EventType "swiss"]
[EventRounds "7"]
[EventCountry "GER"]
[SourceTitle "EXT 2014"]
[Source "ChessBase"]
[SourceDate "2013.11.20"]
[SourceVersion "1"]
[SourceVersionDate "2013.11.20"]
[SourceQuality "1"]

1. e4 e5 2. f4 exf4 3. Nf3 g5 4. h4 g4 5. Ne5 Nf6 6. d4 d6 7. Nd3 Nxe4 8. Qe2 Qe7 9. Bxf4 Nc6 10. c3 Nf6 11. Nd2 Bf5 12. 0-0-0 Qxe2 13. Bxe2 Nd5 14. Rde1 0-0-0 15. Rhf1 f6 16. Bh2 Bxd3 17. Bxd3 Bh6 18. Bf5+ Kb8 19. Bxg4 Ne3 20. Rxe3 Bxe3 21. Rxf6 Rhf8 22. Rxf8 Rxf8 23. Bf3 Ne7 24. Bg3 Ng6 25. Kc2 Bf4 26. Bf2 Bh6 27. Nf1 Rf4 28. h5 Nh4 29. Be3 Rf6 30. Bxh6 Nxf3 31. Be3 Ne1+ 32. Kd2 Rxf1 33. Ke2 Rh1 34. Bf2 Nxg2 35. Kf3 Ne1+ 0-1